Principles of Electrical machine design / (Record no. 2912)
[ view plain ]
| 000 -LEADER | |
|---|---|
| fixed length control field | 00542nac a22001691u 4500 |
| 082 ## - DEWEY DECIMAL CLASSIFICATION NUMBER | |
| Classification number | 621.8 |
| Item number | AGA |
| 090 ## - LOCALLY ASSIGNED LC-TYPE CALL NUMBER (OCLC); LOCAL CALL NUMBER (OCLC) | |
| -- | 2912 |
| -- | 2912 |
| 100 ## - MAIN ENTRY--PERSONAL NAME | |
| Personal name | Agarwal ,R.K. |
| 245 ## - TITLE STATEMENT | |
| Title | Principles of Electrical machine design / |
| Statement of responsibility, etc | R.K.Agarwal. |
| 250 ## - EDITION STATEMENT | |
| Remainder of edition statement | Revised ed. |
| 260 ## - PUBLICATION, DISTRIBUTION, ETC. (IMPRINT) | |
| Place of publication, distribution, etc | Delhi:2005. |
| Name of publisher, distributor, etc | S.K.Kataria and Sons,2005 |
| Date of publication, distribution, etc | c.2005 |
| 300 ## - PHYSICAL DESCRIPTION | |
| Extent | p.: |
| Other physical details | ill; |
| Dimensions | 25cm. |
| 504 ## - BIBLIOGRAPHY, ETC. NOTE | |
| Bibliography, etc | Includes Index. |
| 650 ## - SUBJECT ADDED ENTRY--TOPICAL TERM | |
| Topical term or geographic name as entry element | Electric machinery--Design and construction |
| 700 ## - ADDED ENTRY--PERSONAL NAME | |
| Personal name | Agarwal ,R.K. |
| 942 ## - ADDED ENTRY ELEMENTS (KOHA) | |
| Item type | NB - Book (Non borrowing) |
| Call number prefix | 621.8AGA |
| Withdrawn status | Item status | Damaged status | Not for loan | Home library | Current library | Shelving location | Date acquired | Source of acquisition | Total Checkouts | Full call number | Barcode | Date last seen | Cost, replacement price | Koha item type |
|---|---|---|---|---|---|---|---|---|---|---|---|---|---|---|
| Central Library | Central Library | First floor | 07/03/2011 | Purchase | 621.8AGA | 000001380 | 15/07/2025 | 70.00 | NB - Book (Non borrowing) |